Français vainqueur d'une course World Tour en 2022 - Statistiques

Statistiques générales
  • Ce quiz a été pris 44 fois
  • Le résultat moyen est 9 sur 14
Statistiques - réponses
Course Coureur % Correct
Etape 1 Paris Nice Christophe Laporte
93%
Etape 19 Tour de France Christophe Laporte
93%
Etape 3 Critérium du Dauphiné David Gaudu
85%
Etape 2 Tour du Pays Basque Julian Alaphilippe
85%
Etape 5 Tour d'Italie Arnaud Démare
78%
Etape 6 Tour d'Italie Arnaud Démare
78%
Etape 13 Tour d'Italie Arnaud Démare
78%
Etape 7 Tour de Pologne Arnaud Démare
78%
GP cycliste de Québec Benoit Cosnefroy
73%
Etape 7 Tour de Suisse Thibaut Pinot
58%
Etape 5 Tirreno Adriatico Warren Barguil
58%
Etape 6 Paris Nice Matthieu Burgaudeau
25%
Etape 6 Critérium du Dauphiné Valentin Ferron
23%
Etape 2 Critérium du Dauphiné Alexis Vuillermoz
20%
Aucun quiz correspondant
Distribution des résultats
% des personnes avec chaque résultat
Percentile par nombre de réponses
Votre historique - résultats
Vous n’avez pas pris ce quiz